000 00632cam a22001934a 4500
005 20250605164226.0
008 250528s ||||||||||||||||||||||||d
035 _a20867
020 _a9789602192450
040 _aGR-AtMCL
_bgre
_dGR-AtMCL
_eAACR2
245 1 _aΟ Βάτραχος στο Ντιβάνι / Μία ψυχολογική περιπέτεια
260 _bΚαλέντης,
_c2012
300 _a224
520 _aΟι φίλοι του Βάτραχου του συστήνουν να αρχίσει Ψυχοθεραπεία.
700 1 _aDe Board Robert
_96841
942 _cBK
999 _c5948
_d5948